| 000 | 00862pam a2200265 a 4500 | ||
|---|---|---|---|
| 001 | 3015725 | ||
| 003 | NUST - PNEC | ||
| 005 | 20170116180849.0 | ||
| 008 | 940819s1995 nyua 001 0 eng | ||
| 010 | _a 94032477 | ||
| 020 | _a0070194297 (acidfree) | ||
| 040 | _cLIBRARY | ||
| 050 | 0 | 4 |
_aT353 _b.E65 1995 |
| 082 | 0 | 0 |
_a604.2 EID _220 |
| 100 |
_95615 _aEide Arvid R. |
||
| 245 | 0 | 0 |
_aEngineering graphics fundamentals / _cArvid R. Eide ... [et al.]. |
| 250 | _a2nd ed. | ||
| 260 |
_aNew York : _bMcGraw-Hill, _cc1995. |
||
| 300 |
_aix, 364 p. : _bill. ; _c27 cm. |
||
| 500 | _aIncludes index. | ||
| 650 | 0 |
_aEngineering graphics. _xME, IME |
|
| 906 |
_a7 _bcbc _corignew _d1 _eocip _f19 _gy-gencatlg |
||
| 942 |
_2ddc _cBK |
||
| 999 |
_c64556 _d64556 |
||